000 03096nam a2200253 4500
003 NALT
005 20250901151627.0
008 250828b th ||||| |||| 00| 0 tha d
040 _aNALT
086 _aกง 08 3.2 374 2568
110 2 _aกองทุนเพื่อความเสมอภาคทางการศึกษา.
_942531
245 1 0 _aคู่มือการขับเคลื่อน การแก้ไขปัญหาเด็กและเยาวชนนอกระบบการศึกษาให้กลายเป็นศูนย์ /
_cกองทุนเพื่อความเสมอภาคทางการศึกษา.
260 _aกรุงเทพฯ :
_bกองทุนเพื่อความเสมอภาคทางการศึกษา,
_c2568.
300 _a125 หน้า :
_bภาพประกอบ, ตาราง, แผนภูมิ ;
_c30 ซม.
505 2 _aเจตนารมณ์การแก้ไขปัญหาเด็กและเยาวชนนอกระบบการศึกษาให้กลายเป็นศูนย์ -- นิยามศัพท์ -- ส่วนที่ 1 ที่มาและความสำคัญของการดำเนินงาน -- ส่วนที่ 2 ข้อมูลและปฏิทินการดำเนินงานในปี พ.ศ. 2568 -- ส่วนที่ 3 การแต่งตั้งคณะกรรมการและบุคลากรปฏิบัติงานระดับจังหวัดและพื้นที่ -- ส่วนที่ 4 การสำรวจและการจัดทำแบบบันทึกการจัดการรายกรณี -- ส่วนที่ 5 การรายงานผลการดำเนินงานและการเบิกจ่ายงบประมาณสนับสนุน -- ส่วนที่ 6 ระบบสารสนเทศ Thailand Zero Dropout -- ส่วนที่ 7 การจัดการศึกษาหรือการเรียนรู้แบบยืดหยุ่น -- ส่วนที่ 8 บทบาทขององค์กรปกครองส่วนท้องถิ่นในการขับเคลื่อน Thailand Zero Dropout -- คำถามที่พบบ่อย (Frequently Asked Questions : FAQ) -- เอกสารแนบท้าย.
650 4 _aเด็ก
_xการศึกษานอกระบบโรงเรียน
_966533
650 4 _aเยาวชน
_xการศึกษานอกระบบโรงเรียน
_966534
856 4 0 _uhttps://www.prachinburiarea2.go.th/web/pdf/book/re_doc_31.pdf
942 _2local
_cGOV
996 _ajidapa.t
_bACQSTF
_c2025-08-28
996 _avaree.k
_bLIBSTF
_c2025-08-29
996 _ajamriang.p
_bCATSTF
_c2025-09-01
999 _c107155
_d107155
998 _j1020
_k นางจำเรียง ระวังสำโรง